Odd But True Facts IV Quiz Stats

 Plays Quiz Updated Jan 14, 2016

Challenge
Share
Tweet
Embed
Score 0/23 Timer 06:00
16 Plays Today
% Correct
A motorcycle
98.1%
The World Taekwondo Federation
94.4%
A cupful
87.8%
By parcel post
86.5%
'Bags of Mystery'
82.9%
Dying of fright
82.8%
Ordinary house paint
82.4%
A bottle cap
82.3%
Cubic feces
82.1%
Green underpants
80.4%
Lord Byron in 1823
80.1%
Never seen snow
79.9%
% Correct
Ed MacLuckie
78.4%
Picasso
74.7%
Mr. Whippy ice cream
72.7%
An elk
69.1%
Grasshoppers
66.7%
A sheep
66.1%
The world's smallest antelope
66%
Juan Trippe
64.5%
Second-hand underpants
63.4%
Their prime minister
61.6%
Conservative MPs
46.4%

You're not logged in!

Compare scores with friends on all Sporcle quizzes.
OR
Log In

You Might Also Like...

Show Comments

Extras

Top Quizzes Today


Score Distribution

Your Account Isn't Verified!

In order to create a playlist on Sporcle, you need to verify the email address you used during registration. Go to your Sporcle Settings to finish the process.

Report this User

Report this user for behavior that violates our Community Guidelines.

Details: